000 00686nam a2200205Ia 4500
999 _c31193
_d31193
003 GCL
005 20240530102304.0
008 140319s9999 xx 000 0 ara d
040 _aGCL /
_cGCL
082 0 4 _a212.2\
_bع م
100 1 _aعلى عبدالواحد وافى
245 1 0 _aالمساواة فى الاسلام /
_cعلى عبدالواحد وافى
260 _aالقاهرة :
_bنهضة مصر للطباعة والنشر والتوزيع
300 _a100 ص ؛
_c24 سم
650 0 4 _aالاسلام
650 0 4 _aالاخلاق الاسلامية
650 0 4 _aالاداب الاسلامية
650 0 4 _aالمساواة(ديانات)
942 _2ddc
_cBK